| 000 | 00611nam a2200241Ia 4500 | ||
|---|---|---|---|
| 003 | OSt | ||
| 005 | 20221006144710.0 | ||
| 006 | a|||||r|||| 00| 0 | ||
| 007 | ta | ||
| 008 | 221006b |||||||| |||| 00| 0 eng d | ||
| 020 |
_c _6.50 (each) |
||
| 024 | _a12,407 | ||
| 037 | _cTextual | ||
| 040 |
_aEASL _cEASL _beng |
||
| 041 |
_2eng _aeng |
||
| 082 | _aV41.N5, H9;1 | ||
| 100 | _aBELDEN Jack | ||
| 245 | 0 | _aChina shakes the world | |
| 260 |
_aNew York _bHarper & Brothers _c1949 |
||
| 300 |
_a524p. _ccm. |
||
| 942 |
_hV41.N5, H9;1 _cTEXL _2CC |
||
| 999 |
_c1080493 _d1080493 |
||